[Event "Dos Hermanas"]
[Site "Dos Hermanas"]
[Date "1997.04.11"]
[Round "9"]
[White "Karpov, Anatoly"]
[Black "Gelfand, Boris"]
[Result "1/2-1/2"]
[WhiteElo "2760"]
[BlackElo "2700"]
[Annotator "Gelfand,Boris"]
[PlyCount "126"]
[EventDate "1997.04.01"]
[EventType "tourn"]
[EventRounds "9"]
[EventCountry "ESP"]
[EventCategory "19"]
[SourceTitle "CBM 059"]
[Source "ChessBase"]
[SourceDate "1997.08.01"]
[SourceVersion "1"]
[SourceVersionDate "1997.08.01"]
[SourceQuality "1"]

1. d4 {Krasenkow,Michal Hecht Lutz} d5 2. c4 c6 3. Nc3 Nf6 4. e3 e6 5. Nf3 Nbd7 6. Qc2 Bd6 7. Bd3 O-O 8. O-O dxc4 9. Bxc4 b5 10. Be2 Bb7 11. Bd2 (11. Rd1 $142 {Lutz}) 11... Rc8 $146 (11... a6 $5 {-49/496}) (11... Qb8 $5 {Lutz} 12. a4 Rc8 13. Rfc1 a6 14. h3 Be7 $13 {0-1 Bagirov,V-Knaak,R/Jyvaskyla op 1994 (75)}) (11... a6 $5 {Lutz} 12. e4 e5 13. dxe5 Nxe5 14. Nxe5 Bxe5 15. f4 Bd4+ 16. Kh1 b4 17. Nd1 Qb6 $13 {0-1 Douven,R-Piket,J/NLD-ch 1990 (41)}) ({RR} 11... Re8 12. Ng5 ({RR} 12. a3 e5 13. dxe5 Nxe5 14. Nxe5 Bxe5 15. Bf3 Qb8 16. h3 c5) ({RR} 12. Rfd1 Qc7 ({RR} 12... Qb8) ({RR} 12... Qe7) 13. Rac1 Rac8 14. Ne4 ({RR} 14. b4 e5) 14... Nxe4 15. Qxe4 c5 16. Qh4 Be7 17. Qh3 c4) 12... Bf8 ({RR} 12... e5 13. Nce4 ({RR} 13. Rad1 exd4 14. exd4 h6 15. Nge4 Nxe4 16. Nxe4 Bxh2+ 17. Kxh2 Qh4+ 18. Kg1 Qxe4)) ({RR} 12... Qb8) 13. Bf3 Rc8 ({RR} 13... Rb8) 14. Nce4 ({RR} 14. a3 a5 15. Nce4) 14... h6 15. Nxf6+ Nxf6 16. Ne4 Nxe4 17. Bxe4 a5 18. a3 b4 19. Qa4 Bd6 ({RR} 19... e5 20. axb4 exd4 21. Bf5 c5 22. Bxc8 Qxc8 23. bxa5 Bxg2 24. Kxg2 Qg4+) 20. axb4 axb4 21. Bxb4 Ra8 22. Ba5 Bxh2+ 23. Kxh2 Qh4+ 24. Kg1 Qxe4 25. Qb3 Ba6 ({RR} 25... c5 26. f3 c4 27. Qc3) 26. Rfc1 {Zhou,J (2615)-Korobov,A (2687) Moscow 2019 CBM 189 [Krasenkow,Michal] ½-½ (35)}) ({RR} 11... a6) ({RR} 11... a6 12. Ne4 Nxe4 13. Qxe4 Qe7 14. Rac1 Rac8 15. Rfd1 Nf6 16. Qh4 c5 17. dxc5 Bxc5 18. a4 Rfd8 19. axb5 axb5 20. b4 Bd6 21. Rxc8 Rxc8 22. Bxb5 Be4 23. Ba6 Rd8 24. Bc3 Bxf3 25. gxf3 Bxh2+ 26. Kxh2 {Cukrowski,F (2417)-Terkiewicz,B (2211) Bialystok POL 2025 0-1}) 12. Rfd1 $146 (12. a3 $5 a5 13. Rfd1 $14) (12. e4 e5 (12... b4 {Lutz} 13. Na4 c5) 13. dxe5 Nxe5 14. Nxe5 Bxe5 15. f4 Bd4+ 16. Kh1 b4 17. Na4 c5) ({RR} 12. Rac1 a6 13. Ne4 Nxe4 14. Qxe4 Qe7 15. Qh4 Qxh4 16. Nxh4 c5 17. dxc5 Bxc5 18. Bf3 Bxf3 19. Nxf3 Nb6 20. Rc2 Bd6 21. Rfc1 Rxc2 22. Rxc2 Rc8 23. Rxc8+ Nxc8 24. e4 Nb6 25. b3 Nd7 26. Be3 Bc5 {Bielicki,C (2333)-Lemos,D (2550) Buenos Aires 2011 ½-½ (31)}) ({RR} 12. Rac1 a6 13. a4 e5 14. Rfd1 exd4 15. Nxd4 Re8 16. Nf5 Bf8 17. Be1 Qc7 18. b4 g6 19. Nd4 Qb8 20. Qb2 Bg7 21. Qb1 Ne5 22. h3 Red8 23. Nb3 Rxd1 24. Rxd1 Re8 25. Nc5 Bc8 26. a5 Ned7 {Garcia,R (2390)-Tchimino,J (2165) Buenos Aires 1996 1-0 (47)}) 12... b4 13. Ne4 (13. Na4 $5 {Lutz}) 13... Nxe4 14. Qxe4 Qe7 { ...f6, ...c5} 15. a3 (15. Qh4 $5 Rfd8 16. Qxe7 Bxe7 17. a3 bxa3 18. b4 a5 19. bxa5 Ra8 20. Rdb1 Ba6 21. Kf1) (15. Rac1 Nf6 16. Qh4 c5 {×Bd2} 17. dxc5 Rxc5) (15. Bd3 $5 f5 16. Qh4) 15... bxa3 16. bxa3 $6 (16. b4 $5 Nf6 (16... Rb8 17. Rxa3 c5 18. Qc2 (18. Qb1) 18... cxb4 19. Rxa7 $13) 17. Qb1 a5 18. bxa5 Ra8 $13) 16... Nf6 (16... Bxa3 $6 {Lutz} 17. Qd3) 17. Qh4 c5 $11 (17... Bxa3 $6 {Lutz} 18. Ne5 $36 { c4,  fb1}) 18. dxc5 Bxc5 (18... Rxc5 19. Bb4 Rd5 20. Bxd6 Qxd6 21. Qb4 $14) 19. Bb4 a5 (19... Be4 20. Nd2 Bg6 21. Rdc1 $14) 20. Bxa5 Bxa3 {Die Stellung ist natürlich völlig ausgeglichen. Um so erstaunlicher, daß Karpow in der Folge ernsthafte Probleme bekommt.} 21. Bd3 Bc5 22. Ne5 (22. Bc3 Ne4) 22... h6 23. h3 Ra8 24. Bc3 Ne4 25. Qxe7 Bxe7 26. Bd4 Bh4 27. g3 (27. Bxe4 $11) 27... Bf6 28. h4 $6 (28. Nd7 Bxd4 29. exd4 Rxa1 30. Rxa1 Rd8 $11) 28... Rxa1 29. Bxa1 (29. Rxa1 Nd2) 29... Ra8 30. Bd4 Ra2 31. Ra1 Rd2 32. Bxe4 Bxe4 33. Nc4 Rc2 34. Na3 Rc6 35. Bxf6 gxf6 { Hecht Springer im Niemandsland, geschwächte weiße K-Position. Weiße Vorwärtsverteidigung durch K-Aktivierung nach Bauernopfer. Mattangriff gegen Freibauern. Taktik} 36. Nb5 $6 (36. Kf1 $11) 36... e5 37. Na7 $2 Rc5 38. Kh2 (38. g4 Bf3 39. Kh2 Rc4 40. Kg3 Bxg4 $17) (38. Kf1 $5 Bf3 39. Ke1 Kg7 40. Kd2) 38... h5 39. g4 hxg4 40. Kg3 f5 41. h5 Kh7 (41... Kg7 $5 42. Ra6 (42. Rd1 Bd5 43. Rb1) 42... f6) 42. Ra6 Rc1 43. Kh4 Rf1 (43... Rh1+ 44. Kg5 Bf3 $3 45. Kf6 (45. Rf6 g3) (45. Rd6 Rxh5+ 46. Kf6 (46. Kxh5 g3+) 46... f4 47. exf4 exf4 $19) 45... f4 46. exf4 exf4 47. Ra3 g3 (47... Rf1 $5) 48. fxg3 fxg3 49. Rxf3 g2 50. Rg3 Rf1+ 51. Ke7 g1=Q 52. Rxg1 Rxg1 53. Nc6 f5 $19) 44. Rf6 Rxf2 45. Nc8 $1 Bd5 $2 (45... Kg7 46. Kg5 g3 47. h6+ Kf8 48. Rd6 (48. Nd6 Ke7) 48... Ke8 49. Rd1 (49. h7 Rh2) 49... Bc2 (49... Rh2 50. Nd6+ Kf8 51. Rg1 g2 52. Nxe4 fxe4 53. Kf5 $11) 50. h7 (50. Rg1 f4) 50... Rh2 51. Nd6+ (51. Rd2 g2 $19) 51... Kd7 (51... Kf8 52. Rg1) 52. Rd2 g2 53. Nxf5+ Ke8 54. h8=R+ Rxh8 55. Ng7+ Ke7 56. Rxg2 f6+ 57. Kg4 Be4 $19) (45... Rh2+ 46. Kg5 g3 47. Rxf7+ Kg8 48. Kf6 $18) 46. Nd6 Rh2+ 47. Kg5 g3 48. Nxf5 { Hecht Was für ein Unterschied zur position vor etwa 10 Zügen, als alle weißen Figuren im Niemandsland verstreut ihr kümmerliches dasein fristeten. Karpov hat es verstanden, seine Figuren zu höchster Aktivität zusammenzuschweißen. Alle Achtung!} Be6 (48... g2 49. Rh6+ Kg8 50. Kf6 $18 (50. Kf6 {Hecht} g1=Q 51. Ne7+ Kf8 52. Rh8+ $18)) (48... Rxh5+ 49. Kxh5 g2 50. Rh6+ Kg8 51. Ne7+ Kf8 52. Nf5 f6 53. Rh8+ (53. Rh8+ Kf7 54. Rh7+ Ke6 55. Ng7+ $11) 53... Bg8 54. Nh6 $11) 49. Nxg3 Rg2 50. Kh4 Rh2+ 51. Kg5 Rg2 52. Kh4 Kg7 53. Rf1 (53. Rf3 $11) 53... Rh2+ 54. Kg5 Rg2 55. Kh4 f6 56. Nf5+ Kh7 57. e4 Bd7 (57... Re2 58. Nd6 Re3 59. Rxf6 Rh3+ 60. Kg5 Rg3+ 61. Kh4 Rg4+ 62. Kh3 Rg6+ 63. Rxe6 Rxe6 64. Nf5 $11) 58. h6 (58. Rf3 Rh2+ 59. Kg3 (59. Kg4 Re2 60. Kg3 Rxe4 61. Ne7 Rg4+ 62. Kf2 $11) 59... Rxh5 60. Ne3 $11) 58... Re2 (58... Rg5 59. Ne7 $11) 59. Nd6 Kg6 60. Kg3 Re3+ 61. Rf3 Re1 62. Kg2 Rd1 63. h7 Kxh7 1/2-1/2

[Event "Las Palmas"]
[Site "Las Palmas"]
[Date "1996.12.21"]
[Round "10"]
[White "Karpov, Anatoly"]
[Black "Kramnik, Vladimir"]
[Result "1/2-1/2"]
[WhiteElo "2775"]
[BlackElo "2765"]
[Annotator "Kramnik,Vladimir"]
[PlyCount "76"]
[EventDate "1996.12.08"]
[EventType "tourn"]
[EventRounds "10"]
[EventCountry "ESP"]
[EventCategory "21"]
[SourceTitle "CBM 057"]
[Source "ChessBase"]
[SourceDate "1997.04.01"]
[SourceVersion "1"]
[SourceVersionDate "1997.04.01"]
[SourceQuality "1"]

1. d4 {Lutz,Christopher Shamkovich Karpov Dolmatov} d5 2. c4 c6 3. Nf3 Nf6 4. Nc3 e6 5. e3 Nbd7 6. Qc2 Bd6 7. Bd3 O-O 8. O-O e5 9. cxd5 cxd5 10. e4 exd4 ({Shamkovich: It is interesting that Kramnik played this position against Karpov few months earlier Karpov,A-Kramnik,V/Vienna Millenium/1996 and chose..} 10... dxe4 11. Nxe4 Nxe4 12. Bxe4 h6 13. Be3 exd4 14. Bh7+ Kh8 15. Bxd4 Nf6 16. Bf5 Bxf5 17. Qxf5 Qc8 18. Qb5 a6 19. Qb6 Qc7 20. Qxc7 Bxc7 21. Bxf6 gxf6 {White has a better endgame}) 11. Nxd5 Nxd5 12. exd5 h6 13. Nxd4 Qh4 (13... Bxh2+ {is risky in view of} 14. Kxh2 Qh4+ 15. Kg1 Qxd4 16. Be3 Qxd5 17. Bh7+ Kh8 18. Be4 {with initiative}) 14. Nf3 Qh5 15. Bh7+ (15. Qc4 {Dolmatov} Nc5 16. Bc2 g5 17. b4 Na6 18. Qd3 {Orr,M-Kaidanov,G/Dublin/1991/}) 15... Kh8 16. Qf5 {} g5 $5 { 17...g7 Shamkovich: The original lunge. Kramnik chooses to avoid simplifications, but he doesn't create serious threats. Jeroen Piket in the game against Ivan Sokolov (Sokolov,I-Piket,J/It Nussloch/1996) continued with ...} (16... Qxf5 {and after} 17. Bxf5 Nf6 18. Bc2 Bg4 19. Bb3 Bxf3 20. gxf3 Nh5 21. Be3 Nf4 22. Rfd1 {White got an advantage}) (16... Nf6 {Dolmatov} 17. Qxh5 Nxh5 18. Bc2 Nf6 19. Rd1) 17. h4 $5 { 18.g4} ({Karpov could react carefully} 17. Be3 Ne5 (17... Nb6 $4 18. Bd4+ {wins}) (17... Kg7 {Dolmatov} 18. Bd4+ f6 $13) 18. Qf6+ Kxh7 19. Nxe5 Bxe5 20. Qxe5 {but decided to punish the opponent immediately}) (17. b3 $5 {Karpov}) (17. Bd2 $5 {Karpov}) 17... Nb6 (17... Ne5 $6 {is dubious} 18. Qf6+ Kxh7 19. Nxe5 (19. Qxd6 $2 Nxf3+ 20. gxf3 Qxf3 {and now} 21. Qxf8 {is impossible because of} Bh3 {and Black is winning}) 19... Bxe5 20. Qxe5 Qxh4 21. f4 {with attack}) 18. Qf6+ Kxh7 19. Qxd6 Bg4 20. Nh2 {interesting play could have occured after} (20. Ne5 Rad8 21. Qb4 Bf5 22. hxg5 {with unclear position}) (20. hxg5 {Dolmatov} Bxf3 21. gxf3 hxg5 (21... Rad8 $132 {Kramnik}) 22. Kg2 g4 $10) 20... Rad8 (20... Qxh4 {Dolmatov} 21. Qb4 Bh5 22. Qxh4 gxh4 $10) (20... gxh4 $2 {Dolmatov} 21. Nxg4 Qxg4 22. Qxh6+) 21. Qb4 Bf5 22. hxg5 (22. g4 $2 {does not work} Qxh4) 22... Nxd5 (22... hxg5 {Karpov} 23. g4) 23. Qxb7 (23. Qd2 {Karpov} Rg8 24. gxh6 $140 $2 Bh3) 23... hxg5 24. Qb3 $1 {with the idea 24... Rd6 25.Qg3 Rh6 26.f3 Rg8 27.Ng4, refuting the attack.} ({Karpov realized that taking the second pawn is dangerous. It looks like there is no time for this:} 24. Qxa7 Rd6 $1 {with the following Rh6 gives Black a dangerous attack. Yet White has a defense:} (24... Rh8 {Karpov} 25. Qa3 Kg6 26. Qg3 Nf6 $36) 25. Nf3 Rh6 26. Nxg5+ Kg8 27. f3 $1 ({of course not} 27. Nh3 Bxh3 28. Bxh6 Qg4 {wins}) 27... Qh2+ 28. Kf2 Qh4+ 29. Kg1 Qh2+ {draw by perpetual check}) 24... Rh8 {Kramnik finds another way to continue the attack} (24... Kg6 {Dolmatov} 25. Qf3 Qh6 26. Qg3 Rh8 27. Bd2 Nf6 $132) 25. Qf3 ({This is better than} 25. Qg3 Kg6 26. Be3 Nxe3 27. fxe3 Rd2) 25... g4 26. Qg3 Nf6 {Threatening 27... Ne4. Black mobilized all his forces for the final lunge, so White must find the way to rescue his King} 27. f3 Rd3 { The critical position of the fierce skirmish  28...e4 29.f4 g3-+} 28. Nxg4 {At first glance, White could have continued with 28.fxg4, which seems more promising. Yet Black has enough resources to maintain the initiative} (28. fxg4 Rxg3 29. gxh5 Be4 $1 30. Rxf6 Rxg2+ 31. Kf1 Rxh2 32. h6 (32. Rxf7+ $6 Kg8 33. Rxa7 $2 (33. Rf4 {Right is} Bd3+ 34. Kg1 R8xh5 35. Rg4+ Kf7 36. Rg2 R2h3 {Black has a full compensation for a pawn}) 33... R8xh5 34. Re7 Rf5+ 35. Ke1 Bd3 {wins}) (32. Be3 Rh1+ 33. Bg1 Kg7 34. Rf4 f5 35. Ke2 R8xh5 36. Bd4+ Kg6 37. Rxh1 Rxh1 38. Bxa7 Rh2+ 39. Rf2 Rxf2+ 40. Bxf2 f4 {looks drawish}) (32. Rh6+ Kg7 33. Rxh8 Rh1+ 34. Kf2 Kxh8 35. b3 Rxh5 36. Bb2+ Kh7 {game is even}) 32... Bd5 {and Black is no worse}) 28... Bxg4 (28... Nxg4 {Karpov} 29. fxg4 Rxg3 30. gxh5 Be4 31. Rxf7+ Kg8 32. Rf2 Rxh5 33. Bf4 $16) 29. fxg4 Qg6 $146 {?? Kramnik} (29... Qc5+ $1 {Dolmatov} 30. Be3 (30. Qf2 Qxf2+ 31. Kxf2 (31. Rxf2 Nxg4 32. Rxf7+ $2 (32. Rf1 $10) (32. Rf1 Kg6 { d3-d5-h5}) 32... Kg6 33. Rf1 (33. Rf3 Rd1+ 34. Rf1 Rh1+ 35. Kxh1 Rxf1#) 33... Rd7 34. g3 Rdh7 35. Bf4 Rh1+ 36. Kg2 R8h2+ 37. Kf3 Rxf1+ (37... Kf5 $1 $19) 38. Rxf1 Kf5 $19 39. Bd6 Rc2) 31... Re8 $44) ({RR} 30. Be3 Rxe3 31. Qf2 Nxg4 32. Qxf7+ Kh6) 30... Rxe3 31. Qf2 Nxg4 32. Qxf7+ Kh6) ({RR} 29... Qc5+ 30. Qf2 Qxf2+ 31. Rxf2 ({RR} 31. Kxf2 Re8 32. Kg1 Nxg4 33. Bf4 ({RR} 33. Rxf7+ Kg6 34. Rf1 Re2) 33... Re2 34. Rf3 ({RR} 34. b3 Rc3) 34... Rxf3 35. gxf3 Nf2) 31... Nxg4 32. Rf3 ({RR} 32. Rxf7+ Kg6 33. Rf1 ({RR} 33. Rf3 Rd1+ 34. Rf1 Rh1+ 35. Kxh1 Rxf1#) 33... Rd7 34. g3 Rdh7 35. Bf4 Rh1+ 36. Kg2 R8h2+ 37. Kf3 Rxf1+ 38. Rxf1 Kf5) ({RR} 32. Rf1 Kg6) 32... Rd1+ 33. Rf1 Rd5 34. Bf4 {½-½ (34) Grabliauskas,V (2435)-Fridman,D (2490) Pula 1997 CBM 057 Extra [Lutz,Christopher]} {RR} Kg6 35. Rf3 Rdh5 36. Rh3 Rxh3 37. gxh3 Rxh3) 30. Qc7 (30. Be3 $1 {Dolmatov} Nxg4 31. Rxf7+ Qxf7 32. Qh4+ $18 (32. Qh4+ {Karpov} Kg7 (32... Nh6 $145 $1 33. Qxh6+ Kg8 34. Qg5+ Qg7 35. Qxg7+ Kxg7 36. Bxa7 Rc8 $1 $13) 33. Qxg4+ Qg6 34. Bd4+ $18)) 30... Kg8 (30... Nxg4 $1 {Dolmatov} 31. Rxf7+ (31. Qxf7+ $4 Qxf7 32. Rxf7+ Kg6 33. Rf1 Rd5 $1 34. Bf4 Rdh5 35. g3 Rh1+ $1 36. Kg2 R8h2+ 37. Kf3 Kf5 $1 $19) 31... Kg8 32. Rf1 Rh2 $10 (32... Qh5 {Karpov} 33. Qb8+ Kg7 34. Qxa7+ Kg8 35. Qb8+ Kg7 $10)) 31. Bf4 (31. g5 $5 {Karpov}) 31... Rh4 {} (31... Qh7 32. Qc8+ Kg7 33. Qf5 Qh1+ 34. Kf2 Qh4+ 35. Kg1 (35. Ke2 Rd5 $1 36. Qc2 Qxg4+ {wins}) 35... Qh1+ {draw}) (31... Nxg4 {Karpov} 32. Rae1 $18) 32. Bg3 (32. Qc8+ {Karpov} Kh7 33. Be5 $6 (33. Qf5) 33... Rxg4 34. Rxf6 Rxg2+ 35. Kh1 $5 Rg1+ $1 (35... Qe4 36. Qh8+ $1 Kxh8 37. Rh6+ Kg8 38. Rh8#) 36. Rxg1 Qe4+ 37. Rf3 $1 Qxf3+ 38. Rg2 Qd1+ {= Fritz}) (32. Be5 {Karpov} Rxg4 33. Rf2 $18) (32. Rae1 {Karpov} Rxg4 33. Rf2 $18) (32. g5 $18 {Karpov}) 32... Rxg3 {Black must sacrifice the exchange.} ({If} 32... Rxg4 33. Rxf6 $1 Qxf6 34. Qc8+ {with the winning fork}) 33. Qxg3 (33. Qb8+ $142 $5 {Dolmatov} Kg7 (33... Kh7 34. Qxg3 Qh6 35. Qd3+ Kg7 36. g5 Rh1+ 37. Kf2 $18) 34. Qxg3 Qh6 35. g5 Rh1+ 36. Kf2 Ne4+ 37. Kf3 $18) 33... Qh6 $1 {The attack is in progress. The threat is 34... Rh1+ 35.Kf2 Ne4+} 34. Qf3 $1 {It looks like this is the only move} (34. Rf4 {Karpov} Nd5 $1) (34. g5 {Dolmatov} Rh1+ 35. Kf2 Ne4+ 36. Kf3 (36. Ke3 {Karpov} Nxg3 37. gxh6 Rxf1 38. Rxf1 Nxf1+) 36... Nxg3 37. gxh6 Rxf1+ 38. Rxf1 Nxf1 39. b4 Kh7 40. Ke4 Kxh6 41. a4 Kg5 42. b5 {Can Black win?}) 34... Rh1+ 35. Kf2 Qd2+ 36. Kg3 Qd6+ 37. Kf2 (37. Qf4 Ne4+ 38. Kf3 Nd2+ 39. Kg3 Ne4+ {draw}) 37... Qd2+ 38. Kg3 Qd6+ 1/2-1/2

[Event "Biel Credit Suisse"]
[Site "Biel"]
[Date "1997.07.28"]
[Round "7"]
[White "Karpov, Anatoly"]
[Black "Gelfand, Boris"]
[Result "1/2-1/2"]
[WhiteElo "2745"]
[BlackElo "2695"]
[Annotator "Lutz,Christopher"]
[PlyCount "40"]
[EventDate "1997.07.20"]
[EventType "tourn"]
[EventRounds "10"]
[EventCountry "SUI"]
[EventCategory "17"]
[SourceTitle "CBM 060"]
[Source "ChessBase"]
[SourceDate "1997.09.29"]
[SourceVersion "1"]
[SourceVersionDate "1997.09.29"]
[SourceQuality "1"]

1. d4 d5 2. c4 e6 3. Nc3 Nf6 4. e3 c6 5. Nf3 Nbd7 6. Qc2 Bd6 7. Bd3 O-O 8. O-O dxc4 9. Bxc4 b5 10. Bd3 {In einer früheren Begegnung konnte Karpov mit 10.e2 auch nicht mehr erreichen :} (10. Be2 Bb7 11. Bd2 Rc8 {½-½ Karpov,A-Gelfand,B/Dos Hermanas 1997 (63)}) 10... Bb7 11. Bd2 b4 $146 {Diese Neuerung ist besser als 11...a6 :} (11... a6 12. Ng5 h6 13. Nge4 Be7 14. Nxf6+ Nxf6 15. Ne4 Nxe4 16. Bxe4 $14 {Baikov,V-Tabatadze,T/URS-chT 1988/TD 88\11/0-1 (44)}) ({RR} 11... Rc8 12. Ng5 h6 13. Nge4 Be7 14. Rfd1 c5 15. dxc5 Nxe4 16. Bxe4 Nxc5 17. Bxb7 Nxb7 18. Qb3 a6 {½-½ (18) Georgiev,K (2647)-Kobalia,M (2639) Istanbul 2003}) ({RR} 11... a6 12. a4 e5 13. dxe5 Nxe5 14. Nxe5 Bxe5 15. f4 Bc7 16. Ne4 Nxe4 17. Bxe4 h6 18. Bf3 Bb6 19. Rfe1 Re8 20. Kh1 Qe7 21. b4 c5 22. Bxb7 Qxb7 23. axb5 cxb4 {½-½ (23) Thompson,I (2064)-Tripathi,P (1797) Stavanger NOR 2023}) 12. Ne4 (12. Na4 Rc8 {} 13. e4 c5) 12... Nxe4 13. Bxe4 Nf6 $146 ({RR} 13... f5 14. Bd3 c5 15. e4 cxd4 16. Ng5 Nc5 17. exf5 Nxd3 18. Qxd3 Rxf5 19. Nxe6 Qf6 20. Rae1 Qg6 21. g3 Rxf2 22. Qxg6 Rg2+ 23. Kh1 hxg6 {0-1 (23) Gunina,V (2400)-Charochkina,D (2316) Moscow 2009}) ({RR} 13... f5 14. Bd3 c5 15. Be2 Rc8 16. Qa4 Bc6 17. Qd1 Qf6 18. Rc1 Rfd8 19. Re1 e5 20. e4 fxe4 21. Bc4+ {1-0 (21) Kunin,V (2549)-Van de Oudeweetering,A (2338) Netherlands 2012}) 14. a3 (14. Bd3 Rc8 $11 { ...c5}) 14... bxa3 15. bxa3 Nxe4 16. Qxe4 Qe7 17. Rfb1 Rab8 18. Qg4 c5 19. dxc5 Bxc5 20. Bc3 f6 1/2-1/2